Loading...
| Current Events | 2 | 10.00 | 100% | 0% | 0% |
| Fine Arts - Classical Music | 5 | 10.00 | 80% | 20% | 0% |
| Fine Arts - Other | 6 | 11.67 | 83% | 33% | 0% |
| Fine Arts - Painting & Sculpture | 5 | 14.00 | 100% | 40% | 0% |
| Geography | 4 | 17.50 | 100% | 75% | 0% |
| History - American | 10 | 11.00 | 90% | 20% | 0% |
| History - European | 7 | 12.86 | 71% | 57% | 0% |
| History - Other | 7 | 11.43 | 100% | 14% | 0% |
| History - World | 6 | 8.33 | 67% | 17% | 0% |
| Literature - American | 5 | 8.00 | 80% | 0% | 0% |
| Literature - British | 7 | 8.57 | 57% | 29% | 0% |
| Literature - European | 8 | 7.50 | 63% | 13% | 0% |
| Literature - World | 7 | 8.57 | 86% | 0% | 0% |
| Mythology | 3 | 16.67 | 100% | 67% | 0% |
| Other Academic | 5 | 12.00 | 80% | 40% | 0% |
| Philosophy | 8 | 8.75 | 88% | 0% | 0% |
| Religion | 7 | 8.57 | 71% | 0% | 14% |
| Science - Biology | 7 | 11.43 | 86% | 29% | 0% |
| Science - Chemistry | 2 | 10.00 | 100% | 0% | 0% |
| Science - Other | 7 | 8.57 | 86% | 0% | 0% |
| Science - Physics | 4 | 10.00 | 75% | 25% | 0% |
| Social Science | 3 | 20.00 | 67% | 100% | 33% |